Wards of Hillingdon, London - Statistics

General Stats
  • This quiz has been taken 16 times
  • The average score is 7 of 22
Answer Stats
Answer % Correct
Ickenham
70%
South Ruislip
70%
Eastcote and East Ruislip
60%
Northwood
60%
West Drayton
60%
West Ruislip
60%
Northwood Hills
50%
Yeading
50%
Yiewsley
40%
Charville
30%
Harefield
30%
Heathrow Villages
30%
Hillingdon East
30%
Barnhill
20%
Botwell
20%
Brunel
20%
Cavendish
10%
Uxbridge North
10%
Uxbridge South
10%
Manor
0%
Pinkfield
0%
Townfield
0%
No matching quizzes found
Score Distribution
Percent of People with Each Score
Percentile by Number Answered
Your Score History
You have not taken this quiz